[Event "POL Youth-ch U20 Girls 2020"]
[Site "Pokrzywna"]
[Date "2020.11.30"]
[Round "2.7"]
[White "Kiolbasa, Oliwia"]
[Black "Zabrzanska, Weronika"]
[Result "1-0"]
[WhiteElo "2260"]
[BlackElo "1849"]
[Annotator "ChessBase"]
[PlyCount "61"]
[EventDate "2020.11.29"]
[EventType "swiss"]
[EventCountry "POL"]
[SourceTitle "playchess.com"]
[Source "ChessBase"]
[SourceQuality "1"]
[TimeControl "40/5400+30:1800+30"]

1. e4 {[%emt 0:00:00]} e5 {[%emt 0:00:00]} 2. Nf3 {[%emt 0:00:00]} Nc6 {[%emt 0:00:00]} 3. Bb5 {[%emt 0:00:00]} a6 {[%emt 0:00:00]} 4. Ba4 {[%emt 0:00:05]} Nf6 {[%emt 0:00:04]} 5. O-O {[%emt 0:00:57]} Bc5 {[%emt 0:00:42]} 6. d3 {[%emt 0:07:31]} d6 {[%emt 0:00:28]} 7. c3 {[%emt 0:04:15]} b5 {[%emt 0:02:15]} 8. Bb3 {[%emt 0:00:36]} O-O {[%emt 0:00:30]} 9. h3 {[%emt 0:04:39]} h6 {[%emt 0:01:13]} 10. Re1 {[%emt 0:00:20]} Ba7 {[%emt 0:00:40]} 11. Nbd2 {[%emt 0:01:00]} Re8 {[%emt 0:01:41]} 12. Nf1 {[%emt 0:03:14]} d5 {[%emt 0:03:24]} 13. exd5 {[%emt 0:09:47]} Nxd5 {[%emt 0:00:16]} 14. d4 {[%emt 0:00:08]} e4 {[%emt 0:02:48]} 15. N3d2 {[%emt 0:05:12]} f5 {[%emt 0:01:55]} 16. Ne3 {[%emt 0:07:32]} Nce7 {[%emt 0:01:28]} 17. f3 {[%emt 0:00:30]} c5 {[%emt 0:14:05]} 18. Nxd5 {[%emt 0:01:05]} Nxd5 {[%emt 0:00:41]} 19. fxe4 {[%emt 0:00:30]} c4 {[%emt 0:02:14]} 20. Bc2 {[%emt 0:02:15]} fxe4 {[%emt 0:02:26]} 21. Nxe4 {[%emt 0:11:19]} Bb7 {[%emt 0:06:34]} 22. Bxh6 {[%emt 0:11:58]} gxh6 {[%emt 0:02:42]} 23. Qg4+ {[%emt 0:00:29]} Kh8 {[%emt 0:00:08]} 24. Qg6 {[%emt 0:04:05]} Qh4 {[%emt 0:04:11]} 25. Nd6 {[%emt 0:03:12]} Rxe1+ {[%emt 0:05:12]} 26. Rxe1 {[%emt 0:00:11]} Bxd4+ {[%emt 0:01:12]} 27. cxd4 {[%emt 0:00:31]} Qxd4+ {[%emt 0:02:53]} 28. Kh1 {[%emt 0:00:29]} Qg7 {[%emt 0:00:30]} 29. Nf7+ {[%emt 0:00:29]} Kg8 {[%emt 0:00:17]} 30. Nxh6+ {[%emt 0:00:07]} Kh8 {[%emt 0:00:11]} 31. Re8+ {[%emt 0:00:15]} 1-0

[Event "POL Youth-ch U20 Girls 2020"]
[Site "Pokrzywna"]
[Date "2020.11.30"]
[Round "2.8"]
[White "Wikar, Martyna"]
[Black "Pietrzak, Emilia"]
[Result "1-0"]
[WhiteElo "2171"]
[BlackElo "1522"]
[Annotator "NA"]
[PlyCount "87"]
[EventDate "2020.11.29"]
[EventType "swiss"]
[EventCountry "POL"]
[SourceTitle "playchess.com"]
[Source "ChessBase"]
[SourceQuality "1"]
[TimeControl "40/5400+30:1800+30"]

1. e4 {[%emt 0:00:00]} c5 {[%emt 0:00:00]} 2. Nf3 {[%emt 0:00:00]} Nc6 {[%emt 0:00:00]} 3. Bb5 {[%emt 0:00:00]} d6 {[%emt 0:00:00]} 4. O-O {[%emt 0:00:34]} Bd7 {[%emt 0:00:00]} 5. c3 {[%emt 0:02:15]} a6 {[%emt 0:00:00]} 6. Ba4 {[%emt 0:01:24]} b5 {[%emt 0:00:24]} 7. Bc2 {[%emt 0:00:14]} e5 {[%emt 0:01:42]} 8. h3 {[%emt 0:06:15]} Nf6 {[%emt 0:02:11]} 9. d4 {[%emt 0:00:50]} exd4 {[%emt 0:05:29]} 10. cxd4 {[%emt 0:01:05]} cxd4 {[%emt 0:05:49]} 11. Nxd4 {[%emt 0:01:10]} Be7 {[%emt 0:01:59]} 12. Nc3 {[%emt 0:03:01]} O-O {[%emt 0:02:03]} 13. Be3 {[%emt 0:02:29]} Qc7 {[%emt 0:05:01]} 14. Rc1 {[%emt 0:03:18]} Nxd4 {[%emt 0:05:46]} 15. Bxd4 {[%emt 0:05:08]} Bc6 {[%emt 0:05:39]} 16. Qd3 {[%emt 0:06:01]} g6 {[%emt 0:12:30]} 17. Bb3 $16 {[%emt 0:05:47]} Qd7 {[%emt 0:05:31]} 18. Rfe1 {[%emt 0:08:13]} b4 {[%emt 0:06:25]} 19. Nd5 {[%emt 0:00:55]} Nxd5 {[%emt 0:00:47]} 20. exd5 {[%emt 0:01:11]} Bb5 {[%emt 0:00:54]} 21. Qd2 {[%emt 0:01:14]} a5 {[%emt 0:01:46]} 22. Qh6 {[%emt 0:01:26]} f6 23. Re6 {[%emt 0:03:38]} Rf7 {[%emt 0:04:28]} 24. Rce1 {[%emt 0:04:12]} Rc8 {[%emt 0:03:44]} 25. Qe3 {[%emt 0:03:19]} Rc7 {[%emt 0:01:45]} 26. Bb6 {[%emt 0:01:19]} Rb7 {[%emt 0:05:07]} 27. Bxa5 {[%emt 0:00:22]} Bf8 {[%emt 0:01:18]} 28. Bxb4 {[%emt 0:01:17]} Ba6 {[%emt 0:01:50]} 29. Bc3 {[%emt 0:00:49]} Bg7 {[%emt 0:00:31]} 30. Re8+ {[%emt 0:01:16]} Rf8 {[%emt 0:01:17]} 31. Rxf8+ {[%emt 0:00:53]} Kxf8 {[%emt 0:00:17]} 32. Qf4 {[%emt 0:01:13]} Bd3 {[%emt 0:02:04]} 33. Bxf6 {[%emt 0:01:15]} Bf5 {[%emt 0:00:58]} 34. Ba4 {[%emt 0:03:24]} Qc7 {[%emt 0:03:11]} 35. Bxg7+ {[%emt 0:03:18]} Kxg7 {[%emt 0:00:17]} 36. Qd4+ {[%emt 0:00:38]} Kg8 {[%emt 0:02:15]} 37. Bc6 {[%emt 0:04:55]} Rb8 {[%emt 0:01:03]} 38. b4 {[%emt 0:00:48]} Rd8 {[%emt 0:00:44]} 39. a4 {[%emt 0:00:27]} Rb8 {[%emt 0:00:07]} 40. a5 {[%emt 0:00:00]} Bc8 {[%emt 0:00:00]} 41. Re8+ {[%emt 0:01:25]} Kf7 {[%emt 0:00:44]} 42. Qh8 {[%emt 0:00:32]} g5 {[%emt 0:00:29]} 43. Qxh7+ {[%emt 0:00:19]} Kf6 {[%emt 0:00:02]} 44. Qxc7 {[%emt 0:00:14]} 1-0

[Event "POL Youth-ch U20 Girls 2020"]
[Site "Pokrzywna"]
[Date "2020.11.30"]
[Round "2.9"]
[White "Furtak, Joanna"]
[Black "Dylag, Emilia"]
[Result "0-1"]
[WhiteElo "1837"]
[BlackElo "2082"]
[Annotator "ChessBase"]
[PlyCount "64"]
[EventDate "2020.11.29"]
[EventType "swiss"]
[EventCountry "POL"]
[SourceTitle "playchess.com"]
[Source "ChessBase"]
[SourceQuality "1"]
[TimeControl "40/5400+30:1800+30"]

1. e4 {[%emt 0:00:00]} c6 {[%emt 0:00:00]} 2. d4 {[%emt 0:00:00]} d5 {[%emt 0:00:00]} 3. e5 {[%emt 0:00:00]} c5 {[%emt 0:00:00]} 4. dxc5 {[%emt 0:00:00]} Nc6 {[%emt 0:00:02]} 5. f4 {[%emt 0:00:00]} Nh6 {[%emt 0:00:35]} 6. Nf3 {[%emt 0:00:49]} Bg4 {[%emt 0:00:51]} 7. Be3 {[%emt 0:02:13]} e6 {[%emt 0:01:26]} 8. Bf2 {[%emt 0:09:01]} Nf5 {[%emt 0:02:18]} 9. Nc3 {[%emt 0:09:15]} g5 {[%emt 0:04:26]} 10. fxg5 {[%emt 0:06:24]} Qa5 {[%emt 0:08:49]} 11. Qd2 {[%emt 0:01:34]} Bxc5 {[%emt 0:05:16]} 12. Bxc5 {[%emt 0:02:21]} Qxc5 {[%emt 0:00:07]} 13. O-O-O {[%emt 0:01:45]} O-O-O {[%emt 0:05:30]} 14. Bd3 {[%emt 0:05:04]} Bxf3 {[%emt 0:06:50]} 15. gxf3 {[%emt 0:00:07]} d4 {[%emt 0:00:34]} 16. Ne4 {[%emt 0:08:18]} Qxe5 {[%emt 0:03:19]} 17. h4 {[%emt 0:02:45]} Ne3 {[%emt 0:07:39]} 18. Rde1 {[%emt 0:00:55]} Qd5 {[%emt 0:02:52]} 19. Kb1 {[%emt 0:01:31]} Ne5 {[%emt 0:01:49]} 20. Nf6 {[%emt 0:02:52]} Qc5 {[%emt 0:08:10]} 21. Be2 {[%emt 0:10:11]} Kb8 {[%emt 0:16:05]} 22. h5 {[%emt 0:03:46]} Ka8 {[%emt 0:04:51]} 23. f4 {[%emt 0:19:18]} Nc6 {[%emt 0:01:00]} 24. Ng4 {[%emt 0:01:14]} Nb4 {[%emt 0:03:15]} 25. Ne5 {[%emt 0:04:42]} Rc8 {[%emt 0:10:15]} 26. Rc1 {[%emt 0:01:03]} Nbd5 {[%emt 0:02:00]} 27. Nd3 {[%emt 0:02:45]} Qb6 {[%emt 0:00:24]} 28. Bf3 {[%emt 0:03:11]} Nc4 {[%emt 0:00:58]} 29. Qf2 {[%emt 0:00:52]} Nc3+ {[%emt 0:02:26]} 30. Ka1 {[%emt 0:00:10]} Qa5 {[%emt 0:00:19]} 31. a3 {[%emt 0:01:42]} Nxa3 {[%emt 0:00:17]} 32. bxc3 {[%emt 0:00:54]} Nb5+ {[%emt 0:00:21]} 0-1

[Event "POL Youth-ch U20 Girls 2020"]
[Site "Pokrzywna"]
[Date "2020.11.30"]
[Round "2.10"]
[White "Szczotka, Klara"]
[Black "Kroliczek, Gabriela"]
[Result "1/2-1/2"]
[WhiteElo "1928"]
[BlackElo "1911"]
[Annotator "ChessBase"]
[PlyCount "114"]
[EventDate "2020.11.29"]
[EventType "swiss"]
[EventCountry "POL"]
[SourceTitle "playchess.com"]
[Source "ChessBase"]
[SourceQuality "1"]
[TimeControl "40/5400+30:1800+30"]

1. e4 {[%emt 0:00:00]} c5 {[%emt 0:00:00]} 2. Nf3 {[%emt 0:00:00]} a6 {[%emt 0:00:00]} 3. c3 {[%emt 0:00:00]} e6 {[%emt 0:00:00]} 4. d4 {[%emt 0:00:00]} d5 {[%emt 0:00:00]} 5. exd5 {[%emt 0:05:18]} exd5 {[%emt 0:00:00]} 6. Bd3 {[%emt 0:00:15]} c4 {[%emt 0:00:00]} 7. Bc2 {[%emt 0:00:06]} Bd6 {[%emt 0:07:23]} 8. O-O {[%emt 0:00:21]} Nf6 {[%emt 0:00:40]} 9. Re1+ {[%emt 0:00:59]} Be6 {[%emt 0:00:04]} 10. Bg5 {[%emt 0:08:20]} O-O {[%emt 0:01:22]} 11. Ne5 Bc8 {[%emt 0:40:12]} 12. Qf3 {[%emt 0:05:40]} Be7 {[%emt 0:06:26]} 13. Nd2 {[%emt 0:05:38]} Be6 {[%emt 0:08:58]} 14. Nf1 {[%emt 0:08:51]} Ne8 {[%emt 0:10:35]} 15. Bxe7 {[%emt 0:02:29]} Qxe7 {[%emt 0:00:05]} 16. Nxc4 {[%emt 0:08:31]} Qf6 {[%emt 0:04:56]} 17. Qxf6 {[%emt 0:09:40]} Nxf6 {[%emt 0:00:03]} 18. Ne5 {[%emt 0:01:59]} Nc6 {[%emt 0:07:37]} 19. Ng3 {[%emt 0:04:10]} g6 {[%emt 0:01:19]} 20. Nd3 {[%emt 0:00:35]} Rad8 {[%emt 0:00:30]} 21. Nc5 {[%emt 0:04:10]} Bc8 {[%emt 0:00:06]} 22. Bd3 {[%emt 0:00:13]} Rfe8 {[%emt 0:00:33]} 23. Re2 {[%emt 0:04:55]} Kf8 {[%emt 0:01:09]} 24. Rae1 {[%emt 0:00:20]} Rxe2 {[%emt 0:01:01]} 25. Rxe2 {[%emt 0:00:05]} Re8 {[%emt 0:00:05]} 26. f3 {[%emt 0:00:49]} Rxe2 {[%emt 0:00:34]} 27. Nxe2 {[%emt 0:00:05]} Ke7 {[%emt 0:00:21]} 28. Kf2 {[%emt 0:00:04]} Kd6 {[%emt 0:00:07]} 29. Ke3 {[%emt 0:00:41]} Nd7 {[%emt 0:02:19]} 30. b4 {[%emt 0:08:32]} Ndb8 {[%emt 0:04:20]} 31. Nf4 {[%emt 0:01:40]} Nd7 {[%emt 0:01:07]} 32. g4 {[%emt 0:01:22]} Nf6 {[%emt 0:01:48]} 33. h4 {[%emt 0:02:14]} h6 {[%emt 0:00:23]} 34. a3 {[%emt 0:00:49]} b5 {[%emt 0:02:10]} 35. Bc2 {[%emt 0:00:15]} Ne8 {[%emt 0:00:21]} 36. Bb3 {[%emt 0:00:45]} Nc7 {[%emt 0:00:03]} 37. Nfd3 {[%emt 0:02:55]} g5 {[%emt 0:00:40]} 38. hxg5 {[%emt 0:01:26]} hxg5 {[%emt 0:00:04]} 39. Nf2 {[%emt 0:00:32]} Nd8 {[%emt 0:00:55]} 40. Nh3 {[%emt 0:00:00]} f6 {[%emt 0:00:00]} 41. Bd1 {[%emt 0:06:32]} Nf7 {[%emt 0:02:58]} 42. Nf2 {[%emt 0:08:35]} Ke7 {[%emt 0:00:23]} 43. Nh1 {[%emt 0:00:11]} Nd6 {[%emt 0:00:24]} 44. Be2 {[%emt 0:00:45]} Na8 {[%emt 0:01:31]} 45. a4 {[%emt 0:07:41]} Nb6 {[%emt 0:01:38]} 46. a5 {[%emt 0:05:20]} Na8 {[%emt 0:00:58]} 47. Ng3 {[%emt 0:00:17]} Nc7 {[%emt 0:01:55]} 48. Nh5 {[%emt 0:00:52]} Kf7 {[%emt 0:01:33]} 49. f4 {[%emt 0:00:21]} Nc4+ {[%emt 0:05:03]} 50. Bxc4 {[%emt 0:03:01]} bxc4 {[%emt 0:00:03]} 51. f5 {[%emt 0:00:26]} Nb5 {[%emt 0:00:26]} 52. Kd2 {[%emt 0:00:06]} Nd6 {[%emt 0:00:25]} 53. Ng3 {[%emt 0:01:15]} Ke7 {[%emt 0:00:48]} 54. Kc2 {[%emt 0:01:05]} Nb5 {[%emt 0:00:32]} 55. Nf1 {[%emt 0:02:15]} Kd6 {[%emt 0:01:24]} 56. Ne3 {[%emt 0:00:20]} Na3+ {[%emt 0:00:56]} 57. Kb2 {[%emt 0:01:05]} Nb5 {[%emt 0:00:06]} 1/2-1/2

[Event "POL Youth-ch U20 Girls 2020"]
[Site "Pokrzywna"]
[Date "2020.11.30"]
[Round "2.11"]
[White "Kulpa, Zuzanna"]
[Black "Karykowska, Anna"]
[Result "1/2-1/2"]
[WhiteElo "1806"]
[BlackElo "1979"]
[Annotator "RC"]
[PlyCount "216"]
[EventDate "2020.11.29"]
[EventType "swiss"]
[EventCountry "POL"]
[SourceTitle "playchess.com"]
[Source "ChessBase"]
[SourceQuality "1"]
[TimeControl "40/5400+30:1800+30"]

1. d4 {[%emt 0:00:00]} Nf6 {[%emt 0:00:00]} 2. c4 {[%emt 0:00:00]} e6 {[%emt 0:00:00]} 3. Nf3 {[%emt 0:00:00]} Bb4+ {[%emt 0:00:00]} 4. Bd2 {[%emt 0:00:00]} a5 {[%emt 0:00:06]} 5. g3 {[%emt 0:00:13]} O-O {[%emt 0:01:01]} 6. Bg2 {[%emt 0:00:12]} Qe7 {[%emt 0:05:20]} 7. O-O {[%emt 0:01:03]} Bxd2 {[%emt 0:01:03]} 8. Qxd2 {[%emt 0:00:29]} d6 {[%emt 0:00:52]} 9. Nc3 {[%emt 0:01:05]} Nbd7 {[%emt 0:01:47]} 10. Qc2 {[%emt 0:04:01]} Nb6 {[%emt 0:09:10]} 11. b3 {[%emt 0:05:19]} e5 {[%emt 0:05:33]} 12. d5 {[%emt 0:03:48]} Nbd7 {[%emt 0:09:43]} 13. a3 {[%emt 0:02:30]} Nc5 {[%emt 0:05:43]} 14. b4 {[%emt 0:00:46]} axb4 {[%emt 0:00:13]} 15. axb4 {[%emt 0:00:05]} Rxa1 {[%emt 0:00:06]} 16. Rxa1 {[%emt 0:00:03]} Na6 {[%emt 0:00:14]} 17. Rb1 {[%emt 0:03:23]} Nh5 {[%emt 0:05:15]} 18. e3 {[%emt 0:09:57]} f5 {[%emt 0:01:59]} 19. Qe2 {[%emt 0:03:09]} Nf6 {[%emt 0:04:58]} 20. Nd2 {[%emt 0:05:03]} e4 {[%emt 0:02:26]} 21. Nb5 {[%emt 0:04:56]} Ng4 {[%emt 0:02:02]} 22. Nd4 {[%emt 0:01:27]} Qf6 {[%emt 0:03:05]} 23. Bh3 {[%emt 0:04:45]} Ne5 {[%emt 0:03:13]} 24. f3 {[%emt 0:01:46]} exf3 {[%emt 0:02:27]} 25. N2xf3 {[%emt 0:00:07]} Qh6 {[%emt 0:02:33]} 26. Bg2 {[%emt 0:05:41]} Ng4 {[%emt 0:01:02]} 27. Nc2 {[%emt 0:00:27]} Re8 {[%emt 0:01:35]} 28. Re1 {[%emt 0:00:29]} Bd7 {[%emt 0:04:49]} 29. Qd3 {[%emt 0:06:19]} Nf6 {[%emt 0:07:52]} 30. Nfd4 {[%emt 0:03:46]} Ng4 {[%emt 0:02:08]} 31. Nf3 {[%emt 0:04:23]} Qf6 {[%emt 0:04:17]} 32. Nfd4 {[%emt 0:06:10]} Qh6 {[%emt 0:03:32]} 33. h3 {[%emt 0:03:11]} Ne5 {[%emt 0:00:47]} 34. Qf1 {[%emt 0:01:19]} Rf8 {[%emt 0:05:49]} 35. Ne6 {[%emt 0:00:04]} Bxe6 36. dxe6 c6 {[%emt 0:01:23]} 37. e7 {[%emt 0:08:19]} Re8 {[%emt 0:00:09]} 38. Qxf5 {[%emt 0:03:34]} Qg6 {[%emt 0:01:10]} 39. Qxg6 {[%emt 0:00:39]} hxg6 {[%emt 0:00:07]} 40. b5 {[%emt 0:00:00]} Nc5 {[%emt 0:00:00]} 41. bxc6 {[%emt 0:02:33]} Nxc6 {[%emt 0:04:54]} 42. Rd1 {[%emt 0:05:29]} Nxe7 {[%emt 0:05:04]} 43. Rxd6 {[%emt 0:00:24]} Nf5 {[%emt 0:03:29]} 44. Rd5 {[%emt 0:07:02]} b6 {[%emt 0:02:42]} 45. Kf2 {[%emt 0:02:32]} Ne4+ {[%emt 0:00:06]} 46. Bxe4 {[%emt 0:00:30]} Rxe4 47. g4 {[%emt 0:07:57]} Ne7 {[%emt 0:02:14]} 48. Rd8+ {[%emt 0:01:16]} Kf7 {[%emt 0:01:36]} 49. Nd4 {[%emt 0:00:31]} Re5 {[%emt 0:01:46]} 50. Ke2 {[%emt 0:02:23]} Rc5 {[%emt 0:08:19]} 51. Kd3 {[%emt 0:00:21]} g5 {[%emt 0:01:01]} 52. Rd7 {[%emt 0:02:10]} Ke8 {[%emt 0:01:09]} 53. Rb7 {[%emt 0:00:16]} Ng6 {[%emt 0:01:46]} 54. Rxb6 {[%emt 0:04:36]} Ne5+ {[%emt 0:01:31]} 55. Ke4 {[%emt 0:00:15]} Nxc4 {[%emt 0:00:31]} 56. Rb8+ {[%emt 0:03:00]} Kf7 {[%emt 0:00:24]} 57. Nf5 {[%emt 0:01:06]} Rc7 {[%emt 0:03:09]} 58. Kd5 {[%emt 0:01:34]} g6 {[%emt 0:02:49]} 59. Rb4 {[%emt 0:01:30]} Nd2 {[%emt 0:02:27]} 60. Nd6+ {[%emt 0:01:22]} Ke7 {[%emt 0:00:19]} 61. Rb8 {[%emt 0:01:52]} Nf1 {[%emt 0:01:07]} 62. Re8+ {[%emt 0:02:13]} Kd7 {[%emt 0:00:28]} 63. Re5 {[%emt 0:00:12]} Ra7 {[%emt 0:00:33]} 64. Nf7 {[%emt 0:00:59]} Ra3 {[%emt 0:00:32]} 65. Rxg5 {[%emt 0:01:06]} Ke7 {[%emt 0:00:30]} 66. Ne5 Ra5+ {[%emt 0:00:32]} 67. Kd4 {[%emt 0:01:09]} Ra4+ {[%emt 0:00:16]} 68. Nc4 {[%emt 0:00:14]} Nd2 {[%emt 0:00:24]} 69. Rxg6 {[%emt 0:00:52]} Nxc4 {[%emt 0:00:09]} 70. Rh6 {[%emt 0:00:35]} Nd6+ {[%emt 0:00:28]} 71. Kd3 {[%emt 0:00:07]} Ra3+ {[%emt 0:00:37]} 72. Kd4 {[%emt 0:00:09]} Ra4+ {[%emt 0:00:06]} 73. Kd3 {[%emt 0:00:48]} Ra3+ {[%emt 0:00:04]} 74. Ke2 {[%emt 0:00:48]} Nc4 {[%emt 0:00:22]} 75. Rh7+ {[%emt 0:00:26]} Kf6 {[%emt 0:00:31]} 76. Rh6+ {[%emt 0:00:07]} Kf7 {[%emt 0:01:34]} 77. Rh7+ {[%emt 0:00:04]} Kf6 {[%emt 0:00:13]} 78. h4 {[%emt 0:01:07]} Nxe3 {[%emt 0:01:04]} 79. g5+ {[%emt 0:00:08]} Kg6 {[%emt 0:00:37]} 80. Rh6+ {[%emt 0:01:10]} Kg7 {[%emt 0:00:16]} 81. Re6 {[%emt 0:00:24]} Nf5 {[%emt 0:00:21]} 82. Rb6 {[%emt 0:00:40]} Nxh4 {[%emt 0:00:17]} 83. Rc6 {[%emt 0:00:24]} Nf5 {[%emt 0:01:02]} 84. Rf6 {[%emt 0:00:22]} Ng3+ {[%emt 0:00:32]} 85. Kd1 Ne4 {[%emt 0:00:00]} 86. Rc6 {[%emt 0:01:12]} Nxg5 {[%emt 0:00:00]} 87. Rc7+ {[%emt 0:00:04]} Kf6 {[%emt 0:00:00]} 88. Rc6+ {[%emt 0:00:05]} Kf5 {[%emt 0:00:00]} 89. Kc2 {[%emt 0:00:15]} Ne6 {[%emt 0:00:10]} 90. Rc3 {[%emt 0:00:38]} Ra4 {[%emt 0:00:32]} 91. Kb3 {[%emt 0:00:32]} Re4 {[%emt 0:00:22]} 92. Kb2 {[%emt 0:00:45]} Nd4 {[%emt 0:00:18]} 93. Rc5+ {[%emt 0:00:58]} Kf4 {[%emt 0:00:06]} 94. Rc3 {[%emt 0:00:07]} Re2+ {[%emt 0:00:17]} 95. Kb1 {[%emt 0:00:12]} Ke4 {[%emt 0:00:19]} 96. Ra3 {[%emt 0:00:36]} Nb5 {[%emt 0:00:48]} 97. Rb3 {[%emt 0:00:36]} Nd6 {[%emt 0:00:31]} 98. Rb2 {[%emt 0:00:27]} Re1+ {[%emt 0:00:21]} 99. Kc2 {[%emt 0:00:51]} Nc4 {[%emt 0:00:11]} 100. Rb4 {[%emt 0:00:17]} Kd4 {[%emt 0:00:31]} 101. Kb3 {[%emt 0:00:16]} Re3+ {[%emt 0:02:51]} 102. Ka4 {[%emt 0:00:35]} Ra3+ {[%emt 0:00:59]} 103. Kb5 {[%emt 0:00:05]} Ra5+ {[%emt 0:00:09]} 104. Kc6 {[%emt 0:00:09]} Rc5+ {[%emt 0:00:26]} 105. Kd7 {[%emt 0:01:00]} Kd5 {[%emt 0:00:16]} 106. Rb7 {[%emt 0:00:36]} Nd6 {[%emt 0:01:27]} 107. Rb6 {[%emt 0:00:14]} Nb5 {[%emt 0:00:35]} 108. Rb7 {[%emt 0:00:28]} Ke5 {[%emt 0:00:33]} 1/2-1/2

[Event "POL Youth-ch U20 Girls 2020"]
[Site "Pokrzywna"]
[Date "2020.11.30"]
[Round "2.12"]
[White "Wolagiewicz, Kinga"]
[Black "Adamczyk, Zuzanna"]
[Result "0-1"]
[WhiteElo "1791"]
[BlackElo "1924"]
[Annotator "NA"]
[PlyCount "78"]
[EventDate "2020.11.29"]
[EventType "swiss"]
[EventCountry "POL"]
[SourceTitle "playchess.com"]
[Source "ChessBase"]
[SourceQuality "1"]
[TimeControl "40/5400+30:1800+30"]

1. e4 {[%emt 0:00:00]} g6 {[%emt 0:00:00]} 2. d4 {[%emt 0:00:00]} Bg7 {[%emt 0:00:00]} 3. Nf3 {[%emt 0:00:14]} d6 {[%emt 0:00:05]} 4. Bc4 {[%emt 0:01:21]} Nf6 {[%emt 0:01:13]} 5. Qe2 {[%emt 0:03:38]} O-O {[%emt 0:01:20]} 6. O-O {[%emt 0:00:21]} c6 {[%emt 0:02:06]} 7. Bg5 {[%emt 0:01:16]} h6 {[%emt 0:12:56]} 8. Bh4 {[%emt 0:02:11]} g5 {[%emt 0:02:39]} 9. Bg3 {[%emt 0:00:34]} Nh5 {[%emt 0:02:05]} 10. c3 {[%emt 0:03:55]} Nxg3 {[%emt 0:03:29]} 11. hxg3 {[%emt 0:00:17]} Bg4 {[%emt 0:02:57]} 12. Nbd2 {[%emt 0:01:23]} Nd7 {[%emt 0:01:57]} 13. Qe3 {[%emt 0:04:27]} e5 {[%emt 0:05:29]} 14. dxe5 {[%emt 0:02:38]} dxe5 {[%emt 0:01:04]} 15. Bb3 {[%emt 0:05:41]} Qe7 {[%emt 0:02:15]} 16. Nc4 {[%emt 0:03:41]} Nc5 {[%emt 0:03:56]} 17. Bc2 {[%emt 0:01:08]} b6 $14 {[%emt 0:03:45]} 18. Rfd1 {[%emt 0:10:44]} Nb7 {[%emt 0:02:38]} 19. Rd3 {[%emt 0:06:02]} b5 {[%emt 0:05:50]} 20. Na3 {[%emt 0:01:25]} Nc5 {[%emt 0:01:19]} 21. Rd2 {[%emt 0:01:46]} Be6 {[%emt 0:03:18]} 22. b4 {[%emt 0:06:58]} Nd7 {[%emt 0:02:49]} 23. Bb3 {[%emt 0:00:39]} Bxb3 {[%emt 0:04:41]} 24. axb3 {[%emt 0:00:07]} a5 {[%emt 0:01:48]} 25. Rad1 {[%emt 0:06:37]} Nf6 {[%emt 0:02:19]} 26. Nc2 {[%emt 0:00:45]} Qe6 {[%emt 0:02:04]} 27. bxa5 {[%emt 0:02:54]} Rxa5 {[%emt 0:03:47]} 28. Nb4 {[%emt 0:01:12]} Ra3 {[%emt 0:03:23]} 29. Rd6 {[%emt 0:10:32]} Qxb3 {[%emt 0:01:13]} 30. Nxe5 {[%emt 0:01:41]} Nd5 {[%emt 0:02:26]} 31. Qc1 {[%emt 0:05:29]} Nxc3 {[%emt 0:02:50]} 32. Kh2 {[%emt 0:02:02]} Nxd1 {[%emt 0:04:32]} 33. Nbxc6 {[%emt 0:00:41]} Nxf2 {[%emt 0:01:02]} 34. Ne7+ {[%emt 0:01:48]} Kh7 {[%emt 0:00:35]} 35. Nf3 {[%emt 0:00:37]} Ng4+ {[%emt 0:04:15]} 36. Kh3 {[%emt 0:00:36]} Nf2+ {[%emt 0:02:10]} 37. Kh2 {[%emt 0:00:10]} Qe3 {[%emt 0:01:09]} 38. Qc6 {[%emt 0:04:25]} Ra1 {[%emt 0:01:19]} 39. Ng1 {[%emt 0:02:32]} Rxg1 {[%emt 0:00:48]} 0-1

[Event "POL Youth-ch U20 Girls 2020"]
[Site "Pokrzywna"]
[Date "2020.11.30"]
[Round "2.13"]
[White "Siekanska, Maria"]
[Black "Siekanska, Zuzanna"]
[Result "1/2-1/2"]
[WhiteElo "1919"]
[BlackElo "1800"]
[Annotator "ChessBase"]
[PlyCount "66"]
[EventDate "2020.11.29"]
[EventType "swiss"]
[EventCountry "POL"]
[SourceTitle "playchess.com"]
[Source "ChessBase"]
[SourceQuality "1"]
[TimeControl "40/5400+30:1800+30"]

1. d4 d5 2. c4 Nf6 3. Nc3 c6 4. cxd5 cxd5 5. Bf4 Bf5 6. Nf3 Nc6 7. e3 e6 8. Bd3 Bxd3 9. Qxd3 Bd6 10. Bg3 a6 11. a3 O-O 12. Rc1 Rc8 13. O-O Qc7 14. Bxd6 Qxd6 15. Rc2 Rc7 16. Rfc1 Rfc8 17. Na4 Ne7 18. Rxc7 Rxc7 19. Rxc7 Qxc7 20. Qc3 Qxc3 21. Nxc3 b5 22. Kf1 Kf8 23. Ke2 Nc6 24. b4 Ke7 25. Ne1 Ne8 26. Nd3 Nd6 27. Nc5 Nb8 28. Kd3 Nc4 29. Nb1 Kd6 30. f3 Nb2+ 31. Kc2 Nc4 32. Kd3 Nb2+ 33. Kc2 Nc4 1/2-1/2

[Event "POL Youth-ch U20 Girls 2020"]
[Site "Pokrzywna"]
[Date "2020.11.30"]
[Round "2.14"]
[White "Hertlein, Irena"]
[Black "Pawicka, Magdalena"]
[Result "0-1"]
[WhiteElo "1893"]
[BlackElo "1762"]
[Annotator "NA"]
[PlyCount "126"]
[EventDate "2020.11.29"]
[EventType "swiss"]
[EventCountry "POL"]
[SourceTitle "playchess.com"]
[Source "ChessBase"]
[SourceQuality "1"]
[TimeControl "40/5400+30:1800+30"]

1. d4 Nf6 2. Nf3 e6 3. g3 d5 4. c4 dxc4 5. Bg2 Bd7 6. Ne5 Bc6 7. Nxc6 Nxc6 8. O-O Be7 9. e3 O-O 10. Nd2 Na5 11. Qa4 c5 12. dxc5 Bxc5 13. b4 cxb3 14. axb3 Nc6 15. Rd1 Qb6 16. Bb2 Be7 17. Nc4 Qb4 18. Qa2 Qb5 19. e4 e5 20. Bf1 Nb4 21. Qb1 Qc6 22. Nxe5 Qxe4 23. Qxe4 Nxe4 24. Rd7 Bc5 25. Rxb7 Bxf2+ 26. Kg2 Bb6 27. Ba3 Nc2 28. Bxf8 Nxa1 29. Ba3 Nc2 30. Bc1 Nd6 31. Rd7 Rd8 32. Rxd8+ Bxd8 33. Bd3 Ne1+ 34. Kf2 Nxd3+ 35. Nxd3 Bb6+ 36. Kf3 f6 37. Nf4 Kf7 38. Nd5 Bg1 39. Bf4 Nb5 40. b4 Ke6 41. Nc7+ Nxc7 42. Bxc7 Kd5 43. h3 Kc4 44. Bd6 Bd4 45. Bf8 g6 46. Kg4 Bc3 47. Be7 f5+ 48. Kg5 Bxb4 49. Bd8 Bd2+ 50. Kf6 a5 51. Kf7 a4 52. Be7 Bb4 53. Bf6 a3 54. Kg8 Bc3 55. Bxc3 Kxc3 56. Kxh7 a2 57. Kxg6 a1=Q 58. Kxf5 Kd4 59. h4 Qf1+ 60. Kg5 Ke5 61. h5 Qf5+ 62. Kh4 Kf6 63. g4 Qg5+ 0-1

[Event "POL Youth-ch U20 Girls 2020"]
[Site "Pokrzywna"]
[Date "2020.11.30"]
[Round "2.15"]
[White "Barwinska, Ewa"]
[Black "Mirowska, Oliwia"]
[Result "1/2-1/2"]
[WhiteElo "1731"]
[BlackElo "1820"]
[Annotator "NA"]
[PlyCount "107"]
[EventDate "2020.11.29"]
[EventType "swiss"]
[EventCountry "POL"]
[SourceTitle "playchess.com"]
[Source "ChessBase"]
[SourceQuality "1"]
[TimeControl "40/5400+30:1800+30"]

1. e4 c6 2. d4 g6 3. Nc3 Bg7 4. Nf3 d5 5. h3 dxe4 6. Nxe4 Nf6 7. Bd3 O-O 8. O-O Na6 9. c3 Bd7 10. Bg5 Nc7 11. Nxf6+ exf6 12. Bd2 Be6 13. c4 Qd7 14. Bc3 Rad8 15. Nd2 Rfe8 16. Qc2 f5 17. Nb3 b6 18. f4 a5 19. a4 Na6 20. Kh1 Nb4 21. Qd2 Nxd3 22. Qxd3 Qc8 23. Rac1 Qa6 24. Nd2 c5 25. b3 Bxd4 26. Bxd4 Rxd4 27. Qc2 Qb7 28. Rcd1 Qc7 29. Nf3 Rxf4 30. Qc3 Bc8 31. Rfe1 Rfe4 32. Ng5 Rxe1+ 33. Rxe1 Rxe1+ 34. Qxe1 Bb7 35. Qh4 h5 36. Qe1 Qd8 37. Qe3 Qd7 38. Qf4 f6 39. Qb8+ Kg7 40. Ne6+ Qxe6 41. Qxb7+ Kh6 42. Qf3 Qe4 43. Qd1 f4 44. Qd8 Qe1+ 45. Kh2 Qe5 46. Qd2 g5 47. Kh1 g4 48. hxg4 hxg4 49. g3 Qe3 50. Qh2+ Kg5 51. Qh4+ Kf5 52. Qh5+ Ke6 53. Qe8+ Kd6 54. Qd8+ 1/2-1/2